000 00526nam a2200181 a 4500
001 0897
005 20140414131851.0
008 041005s19uu xx 00 eng d
020 _a1-85737-037-6
050 _aM 621.8
_bT79 1991
100 _aTucker, Malcolm
245 _aThe automobile /
_cwritten by Malcolm Tucker ; illustrated by Terry Burton.
260 _aUK :
_bMerlion Pub.,
_c1991.
300 _a45 p. : ill. ; cm.
440 _aWorking Parts
650 _aThe automobile
_xJuvenile literature.
999 _c110211
_d110211